| 000 | 00770cam a2200169 4500 | ||
|---|---|---|---|
| 001 | WB3532-26 | ||
| 008 | 000000n1999 000 0 eng u | ||
| 035 | _a(Sirsi) u102565 | ||
| 245 | _aEffective services. | ||
| 260 | _c1999 | ||
| 490 |
_aEstates Gazette _v(9932) 14 August 1999, 88(1) |
||
| 520 | _aDiscusses the effective service of notices in landlord and tenant disputes following Commercial Union Life Assurance Co Ltd v Moustafa 1999. Where notices are sent by recorded delivery proof of non-delivery will not rebut the presumption of service but the precise time of such deemed service remains open to question. | ||
| 650 | _aCOMMERCIAL UNION LIFE ASSURANCE CO LTD V MOUSTAFA | ||
| 650 | _aNOTICES | ||
| 690 | _aPROPERTY-LANDLORD AND TENANT | ||
| 942 | _n0 | ||
| 999 |
_c61567 _d61567 |
||